Wordless wisdom : (Record no. 515716)

000 -LEADER
fixed length control field 00293nam a22000977a 4500
082 ## - DEWEY DECIMAL CLASSIFICATION NUMBER
Classification number TNC A6x5412 Su38
100 ## - MAIN ENTRY--PERSONAL NAME
Personal name Sukhabodhananda, Swami
9 (RLIN) 21480
245 ## - TITLE STATEMENT
Title Wordless wisdom :
Remainder of title Celebrating life and death
Statement of responsibility, etc by Swami Sukhabodhananda
260 ## - PUBLICATION, DISTRIBUTION, ETC. (IMPRINT)
Place of publication, distribution, etc Banglore
Name of publisher, distributor, etc Prasanna Trust
Date of publication, distribution, etc 2004
300 ## - PHYSICAL DESCRIPTION
Extent 221p.
Holdings
Withdrawn status Lost status Source of classification or shelving scheme Damaged status Koha normalized classification for sorting Not for loan Permanent location Current location Date acquired Full call number Barcode Date last seen Price effective from Koha item type
        TNC_A6X5412_SU38   Indian Institute of Public Administration Indian Institute of Public Administration 2021-02-04 TNC A6x5412 Su38 GR22012 2021-02-04 2021-02-04 GR

Powered by Koha